000 00548nam a2200217Ia 4500
003 OSt
005 20220928125113.0
006 a|||||r|||| 00| 0
007 ta
008 220927b |||||||| |||| 00| 0 eng d
024 _a25021
037 _cTextual
040 _aSDCL
_cSDCL
_beng
041 _2eng
_aeng
082 _aX:8HW, M5
245 0 _aHOW TO read a balance sheet
260 _aGeneva
_bInternational Labour Office
_c1985
300 _axvii,213p
_ccm.
942 _hX:8HW, M5
_cTEXL
_2CC
999 _c780881
_d780881